[Event "MVP-ch Seniors op 14th"]
[Site "Binz"]
[Date "2014.11.27"]
[Round "3"]
[White "Vladov, Mark"]
[Black "Wenzel, Klaus"]
[Result "1-0"]
[WhiteElo "1588"]
[BlackElo "1091"]
[PlyCount "45"]
[EventDate "2014.11.25"]
[EventType "swiss"]
[EventRounds "9"]
[EventCountry "GER"]
[SourceTitle "EXT 2016"]
[Source "ChessBase"]
[SourceDate "2015.10.08"]
[SourceVersion "1"]
[SourceVersionDate "2015.10.08"]
[SourceQuality "1"]

1. d4 g6 2. c4 Bg7 3. Nc3 Nf6 4. g3 c6 5. Bg2 0-0 6. e4 d6 7. Nge2 Bg4 8. h3 Be6 9. b3 Bd7 10. 0-0 Qc8 11. Kh2 e5 12. Ba3 exd4 13. Nxd4 Ng4+ 14. hxg4 Bxg4 15. f3 Bxd4 16. Qxd4 Be6 17. Rad1 Rd8 18. Qf6 Nd7 19. Qh4 Ne5 20. Bxd6 Ng4+ 21. fxg4 Bxg4 22. Rd2 Qe6 23. Rf6 1-0